Principles of taxation: (Record no. 5289)
[ view plain ]
| 000 -LEADER | |
|---|---|
| fixed length control field | 01392nam a22001577a 4500 |
| 008 - FIXED-LENGTH DATA ELEMENTS--GENERAL INFORMATION | |
| fixed length control field | 150115b xxu||||| |||| 00| 0 eng d |
| 020 ## - INTERNATIONAL STANDARD BOOK NUMBER | |
| International Standard Book Number | 073127523 |
| 050 ## - LIBRARY OF CONGRESS CALL NUMBER | |
| Classification number | KF6272.P75 |
| 100 ## - MAIN ENTRY--PERSONAL NAME | |
| Personal name | Jones, Sally M. |
| 245 ## - TITLE STATEMENT | |
| Title | Principles of taxation: |
| Remainder of title | for business and investment. / |
| Statement of responsibility, etc. | Sally M. Jones |
| 260 ## - PUBLICATION, DISTRIBUTION, ETC. | |
| Place of publication, distribution, etc. | New York: |
| Name of publisher, distributor, etc. | McGraw Hill, |
| Date of publication, distribution, etc. | 2007. |
| 300 ## - PHYSICAL DESCRIPTION | |
| Extent | xxv, 545p.: |
| Other physical details | ill.; |
| Dimensions | 26cm. |
| 500 ## - GENERAL NOTE | |
| General note | Includes index. |
| 505 ## - FORMATTED CONTENTS NOTE | |
| Formatted contents note | Content: Exploring the tax environment: Types of taxes and the jurisdictions that use them -- Tax policy issues: standards for a good tax -- Fundamentals of tax planning: Taxes as transaction costs -- Maxims of income tax planning -- The Measurement of taxable income: Taxable income from business operations -- Property acquisitions and cost recovery deductions -- Property dispositions -- Nontaxable exchanges -- The Taxation of business income: Sole proprietorships, LLCs, and S corporations -- The Corporate taxpayer -- The Choice of business entity -- Jurisdictional issues in business taxation -- The Individual taxpayer: The Individual tax formula -- Compensation and retirement planning -- Investmen and personal financial planning -- Tax consequences of personal activities -- The Tax compliance process: The Tax compliance process -- Appendix A: Present value of $1 -- Appendix B: Present value of annuity of $1 -- Appendix C: Tax research. |
| 942 ## - ADDED ENTRY ELEMENTS (KOHA) | |
| Source of classification or shelving scheme | Library of Congress Classification |
| Koha item type | Books |
| Withdrawn status | Lost status | Source of classification or shelving scheme | Damaged status | Not for loan | Home library | Current library | Shelving location | Date acquired | Total Checkouts | Full call number | Barcode | Date last seen | Price effective from | Koha item type |
|---|---|---|---|---|---|---|---|---|---|---|---|---|---|---|
| Library of Congress Classification | WISCONSIN INTERNATIONAL UNIVERSITY COLLEGE, GHANA - MAIN LIBRARY | WISCONSIN INTERNATIONAL UNIVERSITY COLLEGE, GHANA - MAIN LIBRARY | Reference | 15/01/2015 | KF6272.P75 | 7495/523/13 | 15/01/2015 | 15/01/2015 | Books |
